000 00775cam a2200265 4500
999 _c5447
_d5447
001 4079651
003 GBCCL
005 20241126110542.0
008 730103s1972 nyu b 001 0 eng
010 _a 72086683
040 _aDLC
_cDLC
_dDLC
043 _aa------
050 0 0 _aBJ962
_b.D36 1972
082 0 0 _a181
_bDAN
100 1 _aDanto, Arthur C.,
_d1924-2013.
_99795
245 1 0 _aMysticism and morality: oriental thought and moral philosophy
_c[by] Arthur C. Danto.
260 _aNew York,
_bBasic Books
_c[1972]
300 _axiv, 127 p.
_c22 cm.
350 _a$5.95
504 _aBibliography: p. 121-123.
650 0 _aEthics
_zAsia.
_99796
650 0 _aPhilosophy, Asian.
_99797
906 _a7
_bcbc
_corignew
_d2
_eopcn
_f19
_gy-gencatlg
942 _2ddc
_cBK
_03